1708 1052 1000 1843 1895 1712 1434 1561 1965 1175 1538 1989 1152 1311 1968 1365 1595 1750 1327 1498 1185 1390 1839 1014 1737 1302 1186 1148 1332 1682 1591 1975 1463 1782 1317 1013 1490 1121 1354 1132 1325 1366 1726 1850 1973 1357 1577 1750 1055 1832 1813 1875 1247 1633 1131 1692 1199 1968 1571 1984 1347 1107 1672 1965 1389 1099 1640 1505 1970 1489 1902 1557 1239 1027 1340 1354 1351 1611 1320 1750 1371 1912 1824 1900 1554 1895 1570 1557 1975 1620 1596 1002 1437 1970 1188 1466 1570 1572 1794 BCNSPRNW ULIB Ver.6.0+V

เปลี่ยนเป็นภาษาไทย

Change to English
 แสดงรายละเอียดบรรณานุกรม
  กลับหน้าหลัก

Brief Record : Get Marc (ISO 2709) : E-mail record : QR code < ปิดหน้าต่าง
LEADER : 00000nam 2200000uu 4500
001    13399128443
003     ULIB
008    230828s2022||||th 000 0 tha d
020    ^a9781264269983
060 04 ^aWS141^bC976
245 10 ^aCurrent diagnosis & treatment :^bpediatrics /^cedited byWilliam W. Hay, Jr. ... [et al.]
246 3  ^aCurrent diagnosis and treatment : pediatrics
246 13 ^aCDTP
250    ^a26th ed.
260    ^aNew York :^bMcGraw-Hill,^c2022
300    ^a1,473 p. :^bill. ;^c23 cm.
500    ^a" A Lange medical book" -- t.p.
504    ^aIncludes bibliographical references and index
650  2 ^aPediatrics
650  2 ^aDiagnosis
650  2 ^aTherapeutics
650  2 ^aInfant
650  2 ^aChild
700 1  ^aHay, William W.,^eed.
945    ^p2575^l0^i010200
999    ^aประนอม เกษจรัล
รายการนี้ยังไม่มีแท็ก
คุณยังไม่ได้ล็อกอิน คุณสามารถมีกิจกรรมร่วมกับเว็บไซต์ได้ แต่ต้องล็อกอินก่อน ::
  ล็อกอิน

รายการสื่อสารสนเทศ

ลำดับที่ ประเภท เลขเรียก/บาร์โค้ด สถานที่ สถานะ
1. วิทยาศาสตร์การแพทย์ และสุขภาพ
หนังสือสำรอง
สถานะ=หนังสือสำรอง
WS141 C976 ฉ.1 
  Barcode: 010200
ห้องสมุดวิทยาเขตสวรรค์ประชารักษ์
►หนังสือทั่วไป
บนชั้น

รายการใกล้เคียง
    หัวเรื่อง [Pediatrics]
    หัวเรื่อง [Diagnosis]
    หัวเรื่อง [Therapeutics]
    หัวเรื่อง [Infant]
    หัวเรื่อง [Child]

BibComment


ยังไม่เคยถูกคอมเมนท์

คอมเมนท์ทรัพยากรรายการนี้
  คอมเมนท์: Current diagnosi..


 Copyright 2026. Bcnsprnw @Library